000 01456nam a2200253Ia 4500
999 _c37809
_d37809
001 3786
003 GE_BSU
005 20190807165341.0
008 181216s1986||||ge |||||||||||||| ||geo||
040 _cGE_BSU
041 _ageo
080 _a001(92) პ–19
100 _aპარკაძე, ვ.
_93453
245 _aმიხეილ ლომონოსოვი /
_cვ. პარკაძე ; რედაქტორი : ლ. გაბუნია ; საქართველოს სსრ მეცნიერებათა აკადემია ; ბუნებისმეტყველებისა და ტექნიკის ისტორიკოსთა საბჭო.
250 _aმეორე შესწორებული გამოცემა.
264 _aთბილისი :
_bმეცნიერება,
_c1986.
300 _a94 გვ. ;
_b20 სმ.
600 _aმიხეილ ლომონოსოვი
_93454
653 _aმიხეილ ლომონოსოვი.
700 _aგაბუნია , ლ.
_eრედაქტორი
_93455
710 _aსაქართველოს სსრ მეცნიერებათა აკადემია.
_93456
710 _aბუნებისმეტყველებისა და ტექნიკის ისტორიკოსთა საბჭო.
_93457
942 _cBK
_2udc